Philosophical ethics : (Record no. 4050)

MARC details
000 -LEADER
fixed length control field 00855cam a22001574a 4500
020 ## - INTERNATIONAL STANDARD BOOK NUMBER
ISBN 0072297212 (softcover : alk. paper)
050 00 - CALL NUMBER
Classification number BJ1012
Item number .B4 2001
100 1# - AUTHOR
Personal name Beauchamp, Tom L.
245 10 - TITLE
Title Philosophical ethics :
Remainder of title an introduction to moral philosophy /
Statement of responsibility, etc Tom L. Beauchamp.
250 ## - EDITION
Edition statement 3rd ed.
260 ## - PUBLICATION INFORMATION
Place of publication Boston, Mass. :
Name of publisher McGraw-Hill,
Year of publication 2001.
300 ## - DESCRIPTION
Number of Pages xii, 400 p. ;
Dimensions 24 cm.
505 ## - FORMATTED CONTENTS NOTE
Table of Content PART ONE: FUNDAMENTAL QUESTIONS --<br/>Morality and Moral Philosophy --<br/>Relativity, Pluralism, and Individuality in Morals --<br/>Justification and Truth --<br/>PART TWO: CLASSICAL ETHICAL THEORIES --<br/>Mill and Utilitarian Theories --<br/>Kant and Deontological Theories --<br/>Aristotle and Virtue Theories --<br/>Hum and Humean Theories --<br/>PART THREE: TOPICS IN MORAL AND SOCIAL PHILOSOPHY --<br/>Rights --<br/>Justice --<br/>Liberty.
650 #0 - SUBJECTS
Topical Term Ethics.
942 ## - ADDED ENTRY ELEMENTS (KOHA)
Koha item type Books
Holdings
Withdrawn status Lost status Collection code Home library Current library Shelving location Date acquired Full call number Accession Number Koha item type
    Reference Methodist University Library Main Methodist University Library Main General Stacks 01/04/2008 BJ1012 .B4 2001 22069 Books
      Methodist University Library Main Methodist University Library Main General Stacks 01/04/2008 BJ1012 .B4 2001 22068 Books
    Reference Methodist University Library Main Methodist University Library Main General Stacks 01/04/2008 BJ1012 .B4 2001 22070 Books
Copyright © 2026  MUG Library